গল্পে গল্পে ইতিহাস / (Record no. 77333)
[ view plain ]
| 000 -LEADER | |
|---|---|
| fixed length control field | 00967nam a22002537a 4500 |
| 001 - CONTROL NUMBER | |
| control field | 77333 |
| 003 - CONTROL NUMBER IDENTIFIER | |
| rucl marc code | BD-RjUL |
| 005 - DATE AND TIME OF LATEST TRANSACTION | |
| control field | 20211209082947.0 |
| 008 - FIXED-LENGTH DATA ELEMENTS--GENERAL INFORMATION | |
| fixed length control field | 200315s2020 bg ||||| |||| 00| 0 ben d |
| 020 ## - INTERNATIONAL STANDARD BOOK NUMBER | |
| International Standard Book Number | 9789849230359 |
| 035 ## - SYSTEM CONTROL NUMBER | |
| System control number | (BD-RjUL)77558 |
| 040 ## - CATALOGING SOURCE | |
| Original cataloging agency | BD-RjUL |
| Language of cataloging | eng |
| Transcribing agency | BD-RjUL |
| 041 ## - LANGUAGE CODE | |
| Language code of text/sound track or separate title | eng |
| 082 ## - DEWEY DECIMAL CLASSIFICATION NUMBER | |
| Edition number | 23 |
| Classification number | 907 |
| Author mark and year | RAG 2020 |
| 100 ## - MAIN ENTRY--PERSONAL NAME | |
| Personal name | রহমান, মোঃ মকসুদুর |
| 9 (RLIN) | 240906 |
| 245 10 - TITLE STATEMENT | |
| Title | গল্পে গল্পে ইতিহাস / |
| Statement of responsibility, etc. | ড. মোঃ মকসুদুর রহমান |
| 260 ## - PUBLICATION, DISTRIBUTION, ETC. (IMPRINT) | |
| Place of publication, distribution, etc. | ঢাকা : |
| Name of publisher, distributor, etc. | আলেয়া বুক ডিপো, |
| Date of publication, distribution, etc. | ২০২০ |
| 300 ## - PHYSICAL DESCRIPTION | |
| Pagination | পৃ.১৬৭ ; |
| Size | ২২ সেমি. |
| 650 ## - SUBJECT ADDED ENTRY--TOPICAL TERM | |
| Topical term or geographic name as entry element | ইতিহাস |
| General subdivision | অধ্যয়ন এবং শিক্ষকতা |
| 9 (RLIN) | 240907 |
| Topical term or geographic name as entry element | ইতিহাস ও রাজনীতি |
| 9 (RLIN) | 240908 |
| Topical term or geographic name as entry element | History |
| General subdivision | Study and teaching |
| 9 (RLIN) | 240909 |
| Topical term or geographic name as entry element | History and politics |
| 9 (RLIN) | 240910 |
| 942 ## - ADDED ENTRY ELEMENTS (KOHA) | |
| Source of classification or shelving scheme | Dewey Decimal Classification |
| Koha item type | Books |
| Lost status | Source of classification or shelving scheme | Damaged status | Not for loan | Collection code | Permanent Location | Current Location | Shelving location | Date acquired | Source of acquisition | Cost, normal purchase price | Total Checkouts | Full call number | Date last seen | Date checked out | Copy number | Koha item type |
|---|---|---|---|---|---|---|---|---|---|---|---|---|---|---|---|---|
| Dewey Decimal Classification | Non-fiction | Central Library, University of Rajshahi | Central Library, University of Rajshahi | 10/03/2020 | Alia book depo | 175.00 | 5 | B 907 RAG 2020 | 07/09/2025 | 21/08/2025 | C-2 | Books | ||||
| Dewey Decimal Classification | Non-fiction | Central Library, University of Rajshahi | Central Library, University of Rajshahi | 10/03/2020 | Alia book depo | 175.00 | B 907 RAG 2020 | 10/03/2024 | C-3 | Books | ||||||
| Dewey Decimal Classification | Non-fiction | Central Library, University of Rajshahi | Central Library, University of Rajshahi | 10/03/2020 | Alia book depo | 175.00 | B 907 RAG 2020 | 15/03/2020 | C-4 | Books | ||||||
| Dewey Decimal Classification | Non-fiction | Central Library, University of Rajshahi | Central Library, University of Rajshahi | 10/03/2020 | Alia book depo | 175.00 | 1 | B 907 RAG 2020 | 07/05/2023 | 16/03/2023 | C-5 | Books | ||||
| Dewey Decimal Classification | Not For Loan | Non-fiction | Central Library, University of Rajshahi | Central Library, University of Rajshahi | Reading Room | 10/03/2020 | Alia book depo | 175.00 | B 907 RAG 2020 | 15/03/2020 | C-1 | Books |